[Event "ch-CHN GpB Men 2019"]
[Site "Shaoxing CHN"]
[Date "2019.07.02"]
[Round "2.3"]
[White "Zhang, Yinzhe"]
[Black "Lin Weiguo"]
[Result "0-1"]
[WhiteElo "1966"]
[BlackElo "2408"]
[PlyCount "134"]
[EventDate "2019.07.02"]
[EventType "swiss"]
[EventRounds "11"]
[EventCountry "CHN"]
[SourceTitle "OM OTB B 201907"]
[Source "Opening Master"]
[SourceDate "2019.07.06"]
[SourceVersion "2"]
[SourceVersionDate "2019.07.06"]
[SourceQuality "1"]

1. e4 c5 2. Nf3 d6 3. d4 cxd4 4. Nxd4 Nf6 5. Nc3 Nc6 6. Be2 e5 7. Nb3 Be7 8.
O-O O-O 9. f3 a5 10. a4 Be6 11. Nd5 Bxd5 12. exd5 Nb4 13. c4 Nd7 14. Bd2 Bg5
15. Kh1 Bxd2 16. Qxd2 Re8 17. Rac1 b6 18. Bd3 g6 19. Bb1 Nc5 20. Nxc5 bxc5 21.
Rce1 Qf6 22. Re4 Qg7 23. g4 Qf8 24. Rg1 Ra7 25. Qe3 Ree7 26. g5 Na6 27. Rh4 Nc7
28. Rg3 Ne8 29. Rgh3 f5 30. gxf6 Qxf6 31. Qg1 Rg7 32. b3 Rae7 33. Qe1 Ra7 34.
Re4 Qf8 35. Re2 Nf6 36. f4 exf4 37. Rf3 Rge7 38. Rxf4 Rxe2 39. Qxe2 Re7 40. Qf2
Kg7 41. Bd3 Re5 42. h3 Qe7 43. Kg2 Rg5+ 44. Kf1 Qe5 45. Rf3 Qa1+ 46. Ke2 Rg1
47. Bc2 Rg5 48. Kd2 Qh1 49. Qe3 Re5 50. Qf2 Ne4+ 51. Bxe4 Rxe4 52. Rf7+ Kh6 53.
Kc2 Qxh3 54. Rf6 Rg4 55. Rf3 Qg2 56. Qxg2 Rxg2+ 57. Kd3 Kg5 58. Re3 Rf2 59. Re6
Rf6 60. Re7 h5 61. Ra7 Rf3+ 62. Ke2 Rxb3 63. Rxa5 h4 64. Ra8 h3 65. Kf1 Kg4 66.
Rh8 g5 67. a5 Ra3 0-1

[Event "27th Klatovy Open 2019"]
[Site "Klatovy CZE"]
[Date "2019.06.29"]
[Round "1.5"]
[White "Hlavac, R."]
[Black "Havelka, Josef"]
[Result "0-1"]
[WhiteElo "1990"]
[BlackElo "2342"]
[PlyCount "110"]
[EventDate "2019.06.29"]
[EventType "swiss"]
[EventRounds "9"]
[EventCountry "CZE"]
[SourceTitle "OM OTB B 201907"]
[Source "Opening Master"]
[SourceDate "2019.07.06"]
[SourceVersion "2"]
[SourceVersionDate "2019.07.06"]
[SourceQuality "1"]

1. e4 c5 2. Nf3 Nc6 3. d4 cxd4 4. Nxd4 Nf6 5. Nc3 d6 6. Be2 e5 7. Nb3 Be7 8.
O-O O-O 9. Bg5 Nxe4 10. Nxe4 Bxg5 11. Qxd6 Be7 12. Qxd8 Rxd8 13. c3 b6 14. Rad1
Be6 15. Rxd8+ Rxd8 16. Rd1 Rxd1+ 17. Bxd1 f5 18. Ned2 Kf8 19. Kf1 Bd6 20. Be2
Ke7 21. Nc4 Bc7 22. a4 Kf6 23. Nbd2 Ne7 24. Na3 Nd5 25. Bb5 g5 26. h3 Nf4 27.
Nac4 Bd5 28. Ne3 Bb7 29. b4 h5 30. Bd7 Nd5 31. Nxd5+ Bxd5 32. Bb5 Bb7 33. Be8
h4 34. Bb5 e4 35. Nc4 f4 36. a5 bxa5 37. Nxa5 Bxa5 38. bxa5 Ke5 39. Bd7 Ba6+
40. Ke1 e3 41. fxe3 fxe3 42. Bc6 Kd6 43. Bf3 Kc5 44. Be2 Bc4 45. a6 Bxe2 46.
Kxe2 Kb6 47. Kxe3 Kxa6 48. Kd4 Kb6 49. Kd5 a5 50. Kd6 Kb5 51. Kd5 a4 52. c4+
Ka6 53. c5 a3 54. c6 a2 55. c7 Kb7 0-1

[Event "27th Klatovy Open 2019"]
[Site "Klatovy CZE"]
[Date "2019.06.29"]
[Round "1.3"]
[White "Lochman, Vaclav"]
[Black "Hausner, I."]
[Result "1/2-1/2"]
[WhiteElo "2007"]
[BlackElo "2370"]
[PlyCount "46"]
[EventDate "2019.06.29"]
[EventType "swiss"]
[EventRounds "9"]
[EventCountry "CZE"]
[SourceTitle "OM OTB B 201907"]
[Source "Opening Master"]
[SourceDate "2019.07.06"]
[SourceVersion "2"]
[SourceVersionDate "2019.07.06"]
[SourceQuality "1"]

1. e4 c5 2. Nf3 d6 3. d4 cxd4 4. Nxd4 Nf6 5. Nc3 Nc6 6. Be2 e5 7. Nb3 Be7 8.
O-O O-O 9. Be3 a5 10. f3 a4 11. Nd2 a3 12. b3 d5 13. Nxd5 Nxd5 14. exd5 Qxd5
15. Ne4 Qxd1 16. Rfxd1 Nd4 17. Bxd4 exd4 18. Rxd4 f5 19. Bc4+ Kh8 20. Nd6 Bf6
21. Rdd1 Bxa1 22. Nf7+ Kg8 23. Nh6+ Kh8 1/2-1/2

[Event "North American-ch U20"]
[Site "Charlotte"]
[Date "2019.06.26"]
[Round "1"]
[White "Dill, James C"]
[Black "Sinha, Sahil"]
[Result "1/2-1/2"]
[WhiteElo "1885"]
[BlackElo "2283"]
[PlyCount "141"]
[EventDate "2019.06.26"]
[EventType "swiss"]
[EventRounds "9"]
[EventCountry "USA"]
[SourceTitle "OM OTB B 201907"]
[Source "Opening Master"]
[SourceDate "2019.07.06"]
[SourceVersion "2"]
[SourceVersionDate "2019.07.06"]
[SourceQuality "1"]

1. e4 c5 2. Nf3 d6 3. d4 cxd4 4. Nxd4 Nf6 5. Nc3 Nc6 6. Be2 e5 7. Nf3 h6 8. O-O
Be7 9. Re1 O-O 10. h3 a6 11. Bf1 Be6 12. b3 Qa5 13. Bd2 Qc7 14. Bc4 Bxc4 15.
bxc4 Na5 16. Nd5 Nxd5 17. cxd5 Nc4 18. a4 Rfc8 19. Bc3 a5 20. Qd3 Bd8 21. Reb1
Nb6 22. Rb3 Nd7 23. Rba3 Qc5 24. R1a2 Qb6 25. Rb2 Qc7 26. Bd2 Nc5 27. Qe2 Qd7
28. Rb5 f5 29. exf5 Qxf5 30. c4 Qc2 31. Ne1 Qe4 32. Re3 Qh4 33. Rg3 Kh7 34. Be3
b6 35. Bxc5 Rxc5 36. Qc2+ Kg8 37. Qg6 Qf6 38. Qxf6 Bxf6 39. Rxc5 bxc5 40. Rb3
e4 41. Rb6 Bd4 42. Nc2 Be5 43. Kf1 Kf7 44. Ke2 Bf4 45. g3 Be5 46. Ke3 Re8 47.
Ra6 Rb8 48. Kxe4 Rb2 49. Ra7+ Kg6 50. Ne3 Rxf2 51. Ng4 Re2+ 52. Kd3 Rg2 53.
Nxe5+ dxe5 54. Rxa5 Kf5 55. Rxc5 Rxg3+ 56. Ke2 Rxh3 57. d6 Rh2+ 58. Ke3 Rh3+
59. Kf2 Ke6 60. Rd5 Kd7 61. c5 Rh2+ 62. Ke3 Rc2 63. Rxe5 Kc6 64. Kd3 Rc1 65. a5
g5 66. Kd4 g4 67. Re7 Rd1+ 68. Kc4 Rc1+ 69. Kd4 Rd1+ 70. Kc4 Rc1+ 71. Kd4
1/2-1/2

[Event "Panevezys op-A"]
[Site "Panevezys"]
[Date "2019.06.25"]
[Round "2"]
[White "Mierins, Emils Janis"]
[Black "Malinin, Yuri"]
[Result "0-1"]
[WhiteElo "1625"]
[BlackElo "2186"]
[PlyCount "35"]
[EventDate "2019.06.24"]
[EventType "swiss"]
[EventRounds "9"]
[EventCountry "LTU"]
[SourceTitle "OM OTB B 201907"]
[Source "Opening Master"]
[SourceDate "2019.07.06"]
[SourceVersion "2"]
[SourceVersionDate "2019.07.06"]
[SourceQuality "1"]

1. e4 c5 2. Nf3 d6 3. d4 cxd4 4. Nxd4 Nf6 5. Nc3 Nc6 6. Be2 e5 7. Nb3 Be7 8.
O-O O-O 9. Qd3 a5 10. Qg3 a4 11. Bh6 Ne8 12. Nd2 Bh4 13. Qe3 gxh6 14. f4 exf4
15. Qxf4 a3 16. Nc4 axb2 17. Rab1 Bf6 18. Nd5 0-1

[Event "Platja d'Aro op-A 7th"]
[Site "Platja d'Aro"]
[Date "2019.06.24"]
[Round "1"]
[White "Bielsa Franco, Javier"]
[Black "Berdayes Ason, Dylan Isidro"]
[Result "0-1"]
[WhiteElo "2043"]
[BlackElo "2461"]
[PlyCount "54"]
[EventDate "2019.06.24"]
[EventType "swiss"]
[EventRounds "9"]
[EventCountry "ESP"]
[SourceTitle "OM OTB B 201907"]
[Source "Opening Master"]
[SourceDate "2019.07.06"]
[SourceVersion "2"]
[SourceVersionDate "2019.07.06"]
[SourceQuality "1"]

1. e4 c5 2. Nf3 Nc6 3. d4 cxd4 4. Nxd4 Nf6 5. Nc3 d6 6. Be2 e5 7. Nb3 Be7 8.
O-O O-O 9. Kh1 a5 10. Be3 Be6 11. f4 exf4 12. Bxf4 d5 13. exd5 Nxd5 14. Nxd5
Bxd5 15. c3 a4 16. Nd4 Nxd4 17. Qxd4 Bf6 18. Qb4 Qc8 19. c4 Be4 20. Bf3 Re8 21.
Rae1 Bxf3 22. Rxe8+ Qxe8 23. Rxf3 Qd7 24. Qd2 Qxd2 25. Bxd2 Rd8 26. Rf2 Bxb2
27. g3 f6 0-1

[Event "Kibizov Memorial B 2019"]
[Site "Chelyabinsk RUS"]
[Date "2019.06.22"]
[Round "1.1"]
[White "Radzhabov, Rodion"]
[Black "Remizov, Yaroslav"]
[Result "1/2-1/2"]
[WhiteElo "2404"]
[BlackElo "2357"]
[PlyCount "95"]
[EventDate "2019.06.22"]
[EventType "tourn"]
[EventRounds "9"]
[EventCountry "RUS"]
[SourceTitle "OM OTB B 201907"]
[Source "Opening Master"]
[SourceDate "2019.07.06"]
[SourceVersion "2"]
[SourceVersionDate "2019.07.06"]
[SourceQuality "1"]

1. e4 c5 2. Nf3 Nc6 3. d4 cxd4 4. Nxd4 Nf6 5. Nc3 d6 6. Be2 e5 7. Nb3 Be7 8.
O-O O-O 9. Be3 Be6 10. Bf3 Qc8 11. Qd2 Rd8 12. Nd5 Bxd5 13. exd5 e4 14. Be2 Ne5
15. Rfd1 Qf5 16. c4 Nfg4 17. Nd4 Qg6 18. Bf4 Bf6 19. h3 Nxf2 20. Kxf2 Nd3+ 21.
Bxd3 Bxd4+ 22. Kf1 exd3 23. Qxd3 Bxb2 24. Rab1 Qf6 25. Qf3 Rac8 26. Bg3 b6 27.
Qxf6 Bxf6 28. Rbc1 Be5 29. Bf2 Rd7 30. Rc2 Rdc7 31. Rdc1 f5 32. Be3 Kf7 33. Ke2
f4 34. Bf2 Kg6 35. Kd3 Kf5 36. a4 g5 37. Rb1 h5 38. Rb5 g4 39. hxg4+ hxg4 40.
a5 bxa5 41. c5 dxc5 42. Rcxc5 a4 43. Rxc7 Rxc7 44. d6 Rc3+ 45. Kd2 Rb3 46. d7
Rxb5 47. d8=Q Rb2+ 48. Ke1 1/2-1/2

[Event "11th Rheinland-Pfalz Open"]
[Site "Weilerbach GER"]
[Date "2019.06.21"]
[Round "4.25"]
[White "Schreidl, Michael"]
[Black "Link, K."]
[Result "0-1"]
[WhiteElo "1586"]
[BlackElo "1959"]
[PlyCount "164"]
[EventDate "2019.06.20"]
[EventType "swiss"]
[EventRounds "7"]
[EventCountry "GER"]
[SourceTitle "OM OTB B 201907"]
[Source "Opening Master"]
[SourceDate "2019.07.06"]
[SourceVersion "2"]
[SourceVersionDate "2019.07.06"]
[SourceQuality "1"]

1. e4 c5 2. Nf3 Nc6 3. d4 cxd4 4. Nxd4 Nf6 5. Nc3 d6 6. Be2 e5 7. Nf3 h6 8. O-O
Be7 9. Be3 O-O 10. Qd2 Ng4 11. Nd5 Nxe3 12. Nxe3 Be6 13. Rfd1 Rc8 14. c4 Qb6
15. b3 a5 16. Rab1 Rfd8 17. Nd5 Bxd5 18. cxd5 Nd4 19. Nxd4 Qxd4 20. Bg4 Qxd2
21. Rxd2 Rc5 22. Rdd1 Rc2 23. Rdc1 Rxa2 24. Rc7 Bg5 25. Rxb7 Bd2 26. Rd7 Rxd7
27. Bxd7 Bb4 28. f3 Bc5+ 29. Kh1 Kf8 30. Ba4 Rd2 31. Rc1 Ke7 32. Re1 g6 33. Bb5
Rd4 34. g4 f5 35. Kg2 Kf6 36. h4 Rd2+ 37. Re2 Rd1 38. gxf5 gxf5 39. Bd7 Rg1+
40. Kh2 f4 41. Rc2 Re1 42. Bg4 Re3 43. Ra2 Bb4 44. Ra4 Rxb3 45. Kg2 Rb2+ 46.
Kh1 Ke7 47. Kg1 Kd8 48. Bh5 Rb1+ 49. Kg2 Rd1 50. Kh2 Rd3 51. Kg2 Rb3 52. Kf2
Rb2+ 53. Kg1 Rb1+ 54. Kg2 Ke7 55. Kh2 Kd8 56. Kg2 Kc7 57. Ra2 Kb6 58. Be8 Rc1
59. Ba4 Kc5 60. Rc2+ Rxc2+ 61. Bxc2 Be1 62. h5 Kb4 63. Kh3 a4 64. Bxa4 Kxa4 65.
Kg4 Kb5 66. Kf5 Bh4 67. Ke6 Kc5 68. Kd7 Bg5 69. Ke6 Kd4 70. Kxd6 Ke3 71. Kxe5
Kxf3 72. Kf5 Kg3 73. e5 f3 74. e6 f2 75. d6 f1=Q+ 76. Ke5 Qf6+ 77. Kd5 Qf5+ 78.
Kc6 Qxe6 79. Kc7 Bf4 80. Kb7 Bxd6 81. Ka8 Qc8+ 82. Ka7 Bc5# 0-1

[Event "2nd Goa Open 2019"]
[Site "Taleigao IND"]
[Date "2019.06.19"]
[Round "3.3"]
[White "Bharath, Subramaniyam H"]
[Black "Gupta, Ab"]
[Result "1/2-1/2"]
[WhiteElo "2383"]
[BlackElo "2606"]
[PlyCount "177"]
[EventDate "2019.06.18"]
[EventType "swiss"]
[EventRounds "10"]
[EventCountry "IND"]
[SourceTitle "OM OTB B 201907"]
[Source "Opening Master"]
[SourceDate "2019.07.06"]
[SourceVersion "2"]
[SourceVersionDate "2019.07.06"]
[SourceQuality "1"]

1. e4 c5 2. Nf3 d6 3. d4 cxd4 4. Nxd4 Nf6 5. Nc3 Nc6 6. Be2 e5 7. Nf3 h6 8. O-O
Be7 9. Re1 O-O 10. Bf1 Bg4 11. h3 Bh5 12. Bc4 Rc8 13. Bb3 Kh8 14. g4 Bg6 15. a3
Na5 16. Bd5 Rxc3 17. bxc3 Qc8 18. Nh4 Qxc3 19. Nxg6+ fxg6 20. Be3 Qc7 21. c4
Nh7 22. Rc1 b6 23. Kg2 Bh4 24. Rf1 Bg5 25. Bxg5 Nxg5 26. h4 Nf3 27. Qxf3 Rxf3
28. Kxf3 Nb3 29. Rcd1 Qe7 30. Kg3 g5 31. hxg5 Qxg5 32. f3 Nd4 33. Rf2 g6 34.
Rd3 h5 35. Kg2 Qf4 36. gxh5 gxh5 37. Rd1 h4 38. Rg1 Kh7 39. Kh1 Qe3 40. Rfg2
Qxf3 41. Kh2 Qf4+ 42. Kh1 Nf3 43. Rf1 h3 44. Rgf2 Qg3 45. a4 Kh6 46. Re2 Nh4
47. Rf6+ Kh5 48. Rf8 Ng6 49. Rf5+ Kh4 50. Rf7 Qg4 51. Ref2 Nf4 52. Rh7+ Kg3 53.
Rf1 Qe2 54. Rg7+ Kh4 55. Rfg1 Qf3+ 56. Kh2 Nh5 57. Rh7 Qf2+ 58. Kh1 Qf3+ 59.
Kh2 a6 60. Rh8 Qf2+ 61. Kh1 Qf3+ 62. Kh2 Qb3 63. Kh1 Qf3+ 64. Kh2 Qf6 65. Rh7
Qf2+ 66. Kh1 Qc2 67. Rh8 Qe2 68. Rh7 Qf3+ 69. Kh2 Qf6 70. Kh1 Qf3+ 71. Kh2 a5
72. Rh8 Qf6 73. Rh7 Qf2+ 74. Kh1 Qf3+ 75. Kh2 Qf6 76. Kh1 Qf4 77. Rh8 Qf3+ 78.
Kh2 Qb3 79. Kh1 Qf3+ 80. Kh2 Qe2+ 81. Kh1 Qc2 82. Rh7 Qb3 83. Rh8 Qf3+ 84. Kh2
Qf6 85. Rh7 Qf4+ 86. Kh1 Qf3+ 87. Kh2 Qf4+ 88. Kh1 Qf3+ 89. Kh2 1/2-1/2

[Event "CHN-chT (Women)"]
[Site "Daqing"]
[Date "2019.06.19"]
[Round "1.5"]
[White "Zhou, Jingyi"]
[Black "Gu, Tianlu"]
[Result "0-1"]
[WhiteElo "1630"]
[BlackElo "2183"]
[PlyCount "88"]
[EventDate "2019.06.19"]
[EventType "team-swiss"]
[EventRounds "9"]
[EventCountry "CHN"]
[SourceTitle "OM OTB B 201907"]
[Source "Opening Master"]
[SourceDate "2019.07.06"]
[SourceVersion "2"]
[SourceVersionDate "2019.07.06"]
[SourceQuality "1"]
[WhiteTeam "Chongqing (W)"]
[BlackTeam "Hangzhou (W)"]
[WhiteTeamCountry "CHN"]
[BlackTeamCountry "CHN"]

1. e4 c5 2. Nf3 Nc6 3. d4 cxd4 4. Nxd4 Nf6 5. Nc3 d6 6. Be2 e5 7. Nb3 Be7 8.
Be3 O-O 9. O-O a5 10. Bf3 a4 11. Nd2 Be6 12. Qe2 Nb4 13. Rfc1 a3 14. b3 Rc8 15.
Qb5 d5 16. Nxd5 Nfxd5 17. exd5 Bxd5 18. c3 Bc6 19. Bxc6 bxc6 20. Qe2 Nd3 21.
Rc2 f5 22. Nc4 e4 23. Rd1 Qc7 24. b4 c5 25. Nxa3 cxb4 26. cxb4 Qb7 27. Bc5 Bxc5
28. bxc5 Qb4 29. Nc4 Rxc5 30. Ne3 f4 31. Nf1 Rg5 32. Qd2 Qb6 33. Rc3 Qg6 34. g3
fxg3 35. fxg3 Qb6+ 36. Ne3 Rf3 37. Rf1 Rgf5 38. Kg2 Rxf1 39. Rc8+ Kf7 40. Qc3
R5f2+ 41. Kh3 Qh6+ 42. Kg4 Qe6+ 43. Kh4 Rxh2+ 44. Kg5 h6# 0-1

[Event "COL-ch U16"]
[Site "Cali"]
[Date "2019.06.19"]
[Round "1.3"]
[White "Valera Padilla, Federico Jose"]
[Black "Arciniegas Castro, Santiago"]
[Result "1-0"]
[WhiteElo "1670"]
[BlackElo "1881"]
[PlyCount "65"]
[EventDate "2019.06.19"]
[EventType "tourn"]
[EventRounds "9"]
[EventCountry "COL"]
[SourceTitle "OM OTB B 201907"]
[Source "Opening Master"]
[SourceDate "2019.07.06"]
[SourceVersion "2"]
[SourceVersionDate "2019.07.06"]
[SourceQuality "1"]

1. e4 c5 2. Nf3 Nc6 3. d4 cxd4 4. Nxd4 Nf6 5. Nc3 d6 6. Be2 e5 7. Nb3 Be6 8.
Bg5 Be7 9. Bxf6 Bxf6 10. Nd5 O-O 11. O-O Bg5 12. Kh1 Rc8 13. c3 Qd7 14. f4 exf4
15. Nxf4 Ne5 16. Nd4 Qe7 17. Nfxe6 fxe6 18. Qb3 Rfe8 19. Bb5 Nc6 20. Nxe6 Kh8
21. Nxg5 Qxg5 22. Qd5 Qg6 23. Rad1 Re5 24. Qd3 Ne7 25. Bd7 Rd8 26. Qxd6 Qxd6
27. Rxd6 Rxe4 28. Bc6 Rxd6 29. Bxe4 Kg8 30. g3 b6 31. Kg2 h6 32. Rf2 Re6 33.
Re2 1-0

[Event "Asia zt 3.1"]
[Site "Amman"]
[Date "2019.06.19"]
[Round "1"]
[White "Al Bashayra, Yazan"]
[Black "El Jawich, Amro"]
[Result "1/2-1/2"]
[WhiteElo "1949"]
[BlackElo "2274"]
[PlyCount "64"]
[EventDate "2019.06.19"]
[EventType "swiss"]
[EventRounds "9"]
[EventCountry "JOR"]
[SourceTitle "OM OTB B 201907"]
[Source "Opening Master"]
[SourceDate "2019.07.06"]
[SourceVersion "2"]
[SourceVersionDate "2019.07.06"]
[SourceQuality "1"]

1. e4 c5 2. Nf3 d6 3. d4 cxd4 4. Nxd4 Nf6 5. Nc3 Nc6 6. Be2 e5 7. Nb3 Be7 8.
Bg5 O-O 9. O-O Nxe4 10. Nxe4 Bxg5 11. Nxd6 Qe7 12. Bc4 Rd8 13. Nxc8 Raxc8 14.
Qe2 a6 15. c3 g6 16. Rad1 Kg7 17. Rxd8 Rxd8 18. Rd1 b5 19. Bd5 Qc7 20. Qf3 Bf6
21. Nc5 Qb6 22. b4 Ne7 23. Bb3 Rxd1+ 24. Bxd1 Qd8 25. Bb3 Nf5 26. Qb7 Qd2 27.
Qxf7+ Kh6 28. g3 Ne3 29. fxe3 Qxe3+ 30. Kg2 Qe2+ 31. Kg1 Qe3+ 32. Kg2 Qe2+
1/2-1/2

[Event "Asian Continental op (Women) 18th"]
[Site "Xingtai"]
[Date "2019.06.08"]
[Round "2"]
[White "Hamid, Rani"]
[Black "Kiran, Manisha Mohanty"]
[Result "0-1"]
[WhiteElo "1929"]
[BlackElo "2090"]
[PlyCount "86"]
[EventDate "2019.06.07"]
[EventType "swiss"]
[EventRounds "9"]
[EventCountry "CHN"]
[SourceTitle "OM OTB B 201907"]
[Source "Opening Master"]
[SourceDate "2019.07.06"]
[SourceVersion "2"]
[SourceVersionDate "2019.07.06"]
[SourceQuality "1"]

1. e4 c5 2. Nf3 d6 3. d4 cxd4 4. Nxd4 Nf6 5. Nc3 Nc6 6. Be2 e5 7. Nb3 Be7 8.
O-O O-O 9. Be3 a5 10. a4 Be6 11. Kh1 Nb4 12. f4 Qc7 13. Bf3 Rfd8 14. f5 Bc4 15.
Rf2 d5 16. exd5 Nbxd5 17. Nxd5 Nxd5 18. Bxd5 Bxd5 19. Qg4 f6 20. h4 Bf8 21. h5
Qf7 22. Nd2 Rac8 23. c3 Rd7 24. Re1 Bc6 25. Nb1 Rd3 26. h6 Be8 27. hxg7 Bxg7
28. Kg1 Rc4 29. Qe2 Rd8 30. Bb6 Ra8 31. Nd2 Rxa4 32. b3 Rh4 33. Ra1 Bf8 34. Rf3
Bc6 35. Rg3+ Kh8 36. b4 Bh6 37. Rxa5 Rxa5 38. bxa5 Qh5 39. Qd3 Qd1+ 40. Nf1
Qxd3 41. Rxd3 Ra4 42. Bd8 Bg5 43. Rd6 Ra3 0-1

[Event "Akureyri Icelandic op"]
[Site "Akureyri"]
[Date "2019.05.28"]
[Round "5"]
[White "Olafsson, Smari"]
[Black "Jonsson, Olafur Gisli"]
[Result "1-0"]
[WhiteElo "1939"]
[BlackElo "1771"]
[PlyCount "51"]
[EventDate "2019.05.25"]
[EventType "swiss"]
[EventRounds "9"]
[EventCountry "ISL"]
[SourceTitle "OM OTB B 201907"]
[Source "Opening Master"]
[SourceDate "2019.07.06"]
[SourceVersion "2"]
[SourceVersionDate "2019.07.06"]
[SourceQuality "1"]

1. e4 c5 2. Nf3 Nc6 3. d4 cxd4 4. Nxd4 Nf6 5. Nc3 d6 6. Be2 e5 7. Nb3 Be7 8.
Be3 O-O 9. O-O a6 10. a4 Be6 11. f4 exf4 12. Bxf4 Ne5 13. Kh1 Rc8 14. Nd4 Bc4
15. Nf5 Re8 16. Bg5 Ned7 17. Bxc4 Rxc4 18. Nxd6 Bxd6 19. Qxd6 Re6 20. Bxf6 gxf6
21. Qg3+ Kf8 22. Rad1 Qc8 23. Qh4 Rxc3 24. bxc3 Ke7 25. Qxh7 Qxc3 26. Rxd7+ 1-0

[Event "Trindade FEXEG Cup"]
[Site "Trindade"]
[Date "2019.05.19"]
[Round "5"]
[White "Sztokbant, Bernardo Vainzoff"]
[Black "Labussiere, Yago"]
[Result "1-0"]
[WhiteElo "2149"]
[BlackElo "2082"]
[PlyCount "81"]
[EventDate "2019.05.17"]
[EventType "swiss"]
[EventRounds "6"]
[EventCountry "BRA"]
[SourceTitle "OM OTB B 201907"]
[Source "Opening Master"]
[SourceDate "2019.07.06"]
[SourceVersion "2"]
[SourceVersionDate "2019.07.06"]
[SourceQuality "1"]

1. e4 c5 2. Nf3 d6 3. d4 cxd4 4. Nxd4 Nf6 5. Nc3 Nc6 6. Be2 e5 7. Nb3 Be7 8.
O-O a5 9. a4 O-O 10. f4 Nb4 11. Kh1 Be6 12. Be3 Qc7 13. Rc1 b6 14. f5 Bd7 15.
Bf3 Bc6 16. Nb5 Qd7 17. c3 Na6 18. Bxb6 Bxb5 19. axb5 Qxb5 20. Bg1 Rfb8 21. Nd2
Qxb2 22. Nc4 Qb5 23. Be2 Qc6 24. Nxa5 Qc7 25. Nc4 Nxe4 26. Nb6 Rxb6 27. Bxb6
Qxb6 28. Qd5 Rd8 29. Qxe4 Nc5 30. Qd5 Qb2 31. Bc4 Rf8 32. Ra1 Qb6 33. Ra8 Bd8
34. h3 e4 35. f6 g6 36. Qg5 Kh8 37. Qh6 Rg8 38. Rf4 g5 39. Bxf7 Qb1+ 40. Kh2
Qc1 41. Qg7+ 1-0

[Event "Belgrade City-chT"]
[Site "Belgrade"]
[Date "2019.05.16"]
[Round "4.9"]
[White "Vasic, Dusan"]
[Black "Vujasinovic, Ilija"]
[Result "0-1"]
[WhiteElo "1669"]
[BlackElo "1711"]
[PlyCount "110"]
[EventDate "2019.05.13"]
[EventType "team-swiss"]
[EventRounds "5"]
[EventCountry "SRB"]
[SourceTitle "OM OTB B 201907"]
[Source "Opening Master"]
[SourceDate "2019.07.06"]
[SourceVersion "2"]
[SourceVersionDate "2019.07.06"]
[SourceQuality "1"]
[WhiteTeam "Pogledi"]
[BlackTeam "VF Chess"]
[WhiteTeamCountry "SRB"]
[BlackTeamCountry "SRB"]

1. e4 c5 2. Nf3 d6 3. d4 cxd4 4. Nxd4 Nf6 5. Nc3 Nc6 6. Be2 e5 7. Nb3 Be7 8.
Be3 O-O 9. O-O Be6 10. Qd2 a5 11. f3 a4 12. Nc1 Na5 13. Nd5 Nxd5 14. exd5 Bf5
15. c4 Qc7 16. Qb4 b6 17. Bxb6 Rfb8 18. Bxc7 Rxb4 19. Bxa5 Rxa5 20. b3 Bf6 21.
a3 Rxb3 22. Nxb3 axb3 23. Rad1 Bc2 24. Bd3 Bxd1 25. Rxd1 e4 26. fxe4 b2 27. Kf2
Rxa3 28. Ke2 Kf8 29. Kd2 Ke7 30. Rb1 Kd7 31. g3 Kc7 32. Rd1 Kb6 33. e5 Bxe5 34.
Bxh7 Kc5 35. Bd3 Ra1 36. Kc2 Rxd1 37. Kxd1 Kb4 38. Kc2 Ka3 39. Kb1 Kb3 40. Bf1
Kc3 41. Be2 Kd2 42. Bf1 Ke1 43. Bh3 Kf2 44. Bd7 Kg2 45. Be8 Kxh2 46. Bxf7 Kxg3
47. Bg6 Kg4 48. Kc2 Kg5 49. Bd3 Kh5 50. Kd2 Kh4 51. Ke3 g5 52. Ke4 Bc3 53. Kf3
g4+ 54. Kg2 g3 55. Bb1 Be5 0-1

[Event "RUS-chT U14 final"]
[Site "Sochi"]
[Date "2019.05.07"]
[Round "6.2"]
[White "Vasilyev, Alexey1"]
[Black "Kundianok, Vladislav"]
[Result "1-0"]
[WhiteElo "2003"]
[BlackElo "2050"]
[PlyCount "105"]
[EventDate "2019.05.01"]
[EventType "team-tourn"]
[EventRounds "9"]
[EventCountry "RUS"]
[SourceTitle "OM OTB B 201907"]
[Source "Opening Master"]
[SourceDate "2019.07.06"]
[SourceVersion "2"]
[SourceVersionDate "2019.07.06"]
[SourceQuality "1"]

1. e4 c5 2. Nf3 d6 3. d4 cxd4 4. Nxd4 Nf6 5. Nc3 Nc6 6. Be2 e5 7. Nf3 h6 8. Nd2
Be6 9. Nc4 d5 10. exd5 Nxd5 11. Nxd5 Qxd5 12. Qxd5 Bxd5 13. Ne3 Be6 14. c3 Bc5
15. b4 Be7 16. Bb2 Rd8 17. Bg4 Bxg4 18. Nxg4 e4 19. Rd1 h5 20. Rxd8+ Bxd8 21.
Ne3 Ne5 22. Ke2 O-O 23. c4 Nd3 24. Bc3 Nf4+ 25. Ke1 Be7 26. g3 Nd3+ 27. Ke2 Rc8
28. a3 a5 29. bxa5 Bxa3 30. Rb1 Rc7 31. f3 f5 32. Nxf5 Nc1+ 33. Ke3 Rxc4 34.
Bd4 g6 35. Nh4 exf3 36. Nxf3 Rc7 37. Rb6 Kh7 38. Nh4 Re7+ 39. Kf3 Rd7 40. Be5
Nd3 41. Nxg6 Rf7+ 42. Ke4 Nf2+ 43. Kd5 Ng4 44. Bd4 Bc1 45. Ne5 Nf6+ 46. Ke6 Rf8
47. Rxb7+ Kh6 48. Nf7+ Kg6 49. Bxf6 Re8+ 50. Be7 Ba3 51. a6 Bxe7 52. Rxe7 Ra8
53. a7 1-0

[Event "Chowdhury Mem Rating 2019"]
[Site "Dhaka BAN"]
[Date "2019.05.06"]
[Round "3.2"]
[White "Minhazuddin, A."]
[Black "Mohammad Fahad, Rahman"]
[Result "1-0"]
[WhiteElo "2294"]
[BlackElo "2322"]
[PlyCount "125"]
[EventDate "2019.05.04"]
[EventType "swiss"]
[EventRounds "9"]
[EventCountry "BAN"]
[SourceTitle "The Week in Chess 1279"]
[Source "Mark Crowther"]
[SourceDate "2019.05.13"]
[SourceVersion "1"]
[SourceVersionDate "2019.05.13"]
[SourceQuality "2"]

1. e4 c5 2. Nf3 d6 3. d4 cxd4 4. Nxd4 Nf6 5. Nc3 Nc6 6. Be2 e5 7. Nf3 Be7 8.
O-O O-O 9. h3 h6 10. Re1 Be6 11. Bf1 Qa5 12. Bd2 Qc7 13. Nb5 Qd7 14. c4 Nh7 15.
Bd3 f5 16. exf5 Bxf5 17. Bxf5 Rxf5 18. Be3 a6 19. Nc3 Raf8 20. Nd2 Ng5 21. Nde4
Ne6 22. Ng3 R5f7 23. Qg4 Bg5 24. Nce4 Bxe3 25. fxe3 Nc5 26. Rad1 Qxg4 27. hxg4
Nxe4 28. Nxe4 Rc7 29. Re2 b5 30. cxb5 axb5 31. Rc2 d5 32. Nd6 Rd8 33. Nf5 Kh7
34. Rdc1 g6 35. Nh4 Rd6 36. Nf3 d4 37. Nxe5 d3 38. Rxc6 Rcxc6 39. Nxc6 d2 40.
Rd1 Rxc6 41. Rxd2 Kg7 42. Rd5 Rc1+ 43. Kh2 b4 44. Rd4 Ra1 45. Rxb4 Rxa2 46. Kg3
Kf6 47. Kf4 Ra6 48. g5+ hxg5+ 49. Kg4 Re6 50. e4 Rc6 51. b3 Rc2 52. g3 Rc3 53.
Rb6+ Ke5 54. b4 Kxe4 55. Rxg6 Rb3 56. Re6+ Kd4 57. Rb6 Kd5 58. b5 Kd4 59. Rb8
Ke5 60. Rg8 Rb4+ 61. Kh5 Ke4 62. Rxg5 Kf3 63. Kg6 1-0